In-N-Out Burger Locations Quiz Stats

Quiz Updated Apr 2, 2016

Challenge
Share
Tweet
Embed
Score 0/6 Timer 01:00
6 Plays Today
State % Correct
California
98.5%
Nevada
90.9%
Arizona
90.3%
Texas
85.9%
Oregon
83.1%
Utah
77%

You're not logged in!

Compare scores with friends on all Sporcle quizzes.
Sign Up with Email
OR
Log In

You Might Also Like...

Show Comments

Extras

Top Quizzes Today


Score Distribution

Your Account Isn't Verified!

In order to create a playlist on Sporcle, you need to verify the email address you used during registration. Go to your Sporcle Settings to finish the process.